000 01120 a2200205 4500
001 35946
005 20260407155637.0
008 260407a1964 arg spa d
003 AR-UNSa-BCEJYS
040 _aAR-UNSa-BCEJYS
_bspa
_cAR-UNSa-BCEJYS
080 _a658.311
_xReclutamiento y selección de personal
245 1 0 _aLa selección del personal comercial
_pla entrevista de los candidatos
264 1 _aBarcelona :
_bSagitario
_c1964
300 _a164 p.
_c22 cm.
505 _a1. Finalidad de la entrevista de orientación - 2. Consideraciones metodológicas - 3. Los entrevistadores - 4. Valor de la entrevista - 4. Introducción al estudio experimental - 5. Condiciones experimentales comunes a las experiencias - 6. Organización de la primera experiencia - 7. Resultados de la primera experiencia - 8. Conclusiones del primer estudio experimental - 9. Organización de la segunda experiencia - 10. Aplicación de método - 11. Ventajas adquiridas gracias al nuevo método de entrevista.
942 _cBK
590 _aniveau_biblio:m niveau_hierar:0
100 1 _aGil Aluja, Jaime
700 1 _aLavoëgie, M.S.
999 _c2595
_d2595